CHEMICAL KINETICS (Record no. 9278)

MARC details
000 -LEADER
fixed length control field 00701nam a22001697a 4500
003 - CONTROL NUMBER IDENTIFIER
control field SGT
020 ## - INTERNATIONAL STANDARD BOOK NUMBER
International Standard Book Number 9788131709726
082 ## - DEWEY DECIMAL CLASSIFICATION NUMBER
Classification number 541.39,LAI
100 ## - MAIN ENTRY--PERSONAL NAME
Personal name LAIDLER, J.KENTH
245 ## - TITLE STATEMENT
Title CHEMICAL KINETICS
250 ## - EDITION STATEMENT
Edition statement 3RD
260 ## - PUBLICATION, DISTRIBUTION, ETC. (IMPRINT)
Place of publication, distribution, etc NEW DELHI
Name of publisher, distributor, etc PEARSON
Year of Publication 2013
300 ## - PAGE DESCRIPTION
No. of Pages 531
650 ## - SUBJECT ADDED ENTRY--TOPICAL TERM
Topical term or geographic name as entry element CHEMICAL REACTIONS
653 ## - KEYWORDS--INDEX TERM
Keyword term 1.BASIC KINETIC CONCEPTS. 2.ANALYSIS OF KINETIC RESULTS. 3.ENERGY OF ACTIVATION. 4.THEORIES OF REACTION RATES. 5. ELEMENTARY GAS-PHASE REACTIONS. 6.ELEMENTARY REACTIONS IN SOLUTION. 7.REACTIONS ON SURFACES. 8.COMPOSITE REACTIONS. 9.PHOTOCHEMICAL AND RADIATION-CHEMICAL REACTIONS. 10.HOMOGENEOUS CATALYSIS. 11.ISOTOPE EFFECTS. 12.REACTION DYNAMICS.
942 ## - ADDED ENTRY ELEMENTS (KOHA)
Source of classification or shelving scheme Dewey Decimal Classification
Koha item type FPS Books
942 ## - ADDED ENTRY ELEMENTS (KOHA)
-- 9
Holdings
Withdrawn status Lost status Source of classification or shelving scheme Damaged status Not for loan Collection code Home library Current library Shelving location Date acquired Vendor Name Cost, normal purchase price SGTU Bill Number Full call number Accession No. (Barcode) Date last seen Bill Date Koha item type Total Checkouts Date last borrowed
    Dewey Decimal Classification   Not For Loan SCIENCE SGT Science & Social Sciences Library SGT Science & Social Sciences Library Reference Book 28/06/2016 KRITI PRAKASHAN 675.00 SGTU 2947 541.39,LAI PS909 28/06/2016 19/09/2015 FPS Books    
    Dewey Decimal Classification     SCIENCE SGT Science & Social Sciences Library SGT Science & Social Sciences Library Text Book 28/06/2016 KRITI PRAKASHAN 675.00 SGTU 2947 541.39,LAI PS910 25/05/2023 19/09/2015 FPS Books 8 10/05/2023
    Dewey Decimal Classification     SCIENCE SGT Science & Social Sciences Library SGT Science & Social Sciences Library Text Book 28/06/2016 KRITI PRAKASHAN 675.00 SGTU 2947 541.39,LAI PS911 13/04/2022 19/09/2015 FPS Books 7 06/04/2022
    Dewey Decimal Classification     SCIENCE SGT Science & Social Sciences Library SGT Science & Social Sciences Library Text Book 14/07/2016 KIRTI PRAKASHAN 675.00 SGTU 3151 541.39,LAI PS1192 06/03/2023 19/10/2015 FPS Books 5 21/02/2023
    Dewey Decimal Classification     SCIENCE SGT Science & Social Sciences Library SGT Science & Social Sciences Library Text Book 14/07/2016 KIRTI PRAKASHAN 675.00 SGTU 3151 541.39,LAI PS1193 17/03/2023 19/10/2015 FPS Books 8 10/03/2023
    Dewey Decimal Classification     SCIENCE SGT Science & Social Sciences Library SGT Science & Social Sciences Library Text Book 14/07/2016 KIRTI PRAKASHAN 675.00 SGTU 3151 541.39,LAI PS1194 14/07/2016 19/10/2015 FPS Books